Top 50 Girl names in England during the 1500s - Statistics

General Stats
  • This quiz has been taken 189 times
  • The average score is 17 of 50
Answer Stats
# Name % Correct
1 Elizabeth
96%
7 Mary
94%
6 Anne
93%
9 Catherine
83%
8 Jane
83%
3 Margaret
81%
11 Isabel
71%
16 Sarah
66%
2 Joan
62%
23 Emma
59%
36 Rose
56%
44 Helen
51%
5 Alice
50%
10 Elinor
50%
32 Rachel
50%
15 Ellen
48%
18 Frances
44%
24 Lucy
41%
25 Martha
40%
12 Dorothy
37%
22 Edith
36%
4 Agnes
35%
30 Amy
35%
29 Grace
34%
45 Janet
34%
31 Barbara
31%
49 Beatrice
28%
26 Marion
28%
40 Judith
27%
14 Susanna
17%
42 Philippa
16%
20 Bridget
11%
47 Ursula
9%
21 Christian
7%
41 Julian
7%
34 Mabel
7%
13 Margery
7%
35 Millicent
7%
50 Blanche
5%
27 Cecily
5%
17 Clemence
3%
46 Sybil
3%
37 Thomasin
3%
43 Audrey
2%
48 Avis
2%
39 Gillian
2%
19 Joyce
2%
33 Charity
1%
38 Fortune
0%
28 Frideswide
0%
No matching quizzes found
Score Distribution
Percent of People with Each Score
Percentile by Number Answered
Your Score History
You have not taken this quiz